000
00352nam a2200145Ia 4500
008
230312s9999||||xx |||||||||||||| ||und||
020
_a
9789699739118
082
_a
891.4
_b
ABD-R
100
_a
عبدالکریم ثمرٗ
245
0
_a
رسولّ کائنات
260
_b
Jamhori
_a
pak
_c
2014
300
_a
176
650
_a
Literature
942
_c
BK
999
_c
14897
_d
14897